Virtuální polytechnická knihovna - Souborný katalog - Úplný záznam dokumentu - MARC Uživatel: --- 
-----nas  22-----zu 4500
001 SKVPK0031841
003 CZ-VPK
005 20260422091005.0
008 260422d19721977||||| | |||  ||   |||||||
040   $aABA013$bcze
222  0$aOptical World
245 00$aOptical World
260   $aVelká Británie :$bLondon, vl.n.,$c1972-1977
650 07$afyzika$xfy$2psh
910   $aABA013$r1972-1977
OAI-PMH
 čtvrtek 14.05.2026 08:23:45 © 2001-2015 Národní technická knihovna 

[Virtuální polytechnická knihovna] [Servisní centrum] [Souborný katalog]